[Event "Bergen Chess International"]
[Site "Bergen NOR"]
[Date "2001.08.12"]
[EventDate "2001.08.04"]
[Round "9"]
[Result "1-0"]
[White "Paal Vegard Hagesaether"]
[Black "Miitrei Sorsa"]
[WhiteElo "2250"]
[BlackElo "2111"]
[PlyCount "91"]

1. c4 c5 2. g3 g6 3. Bg2 Bg7 4. Nc3 Nc6 5. Nf3 Nf6 6. O-O O-O
7. d4 cxd4 8. Nxd4 Nxd4 9. Qxd4 d6 10. Qd3 Qa5 11. Bd2 Qh5
12. h4 h6 13. Rfe1 Bf5 14. e4 Be6 15. Nd5 Nxd5 16. exd5 Bf5
17. Qb3 Bf6 18. Bc3 Qg4 19. Bxf6 exf6 20. Qc3 Kg7 21. Bf3 Qh3
22. Bg2 Qg4 23. Bf3 Qh3 24. Qd4 b6 25. Re7 Rfe8 26. Rae1 Rxe7
27. Rxe7 g5 28. Bh5 Rf8 29. Re3 Rg8 30. g4 Qxh4 31. Kg2 Bxg4
32. Qxg4 Qxg4+ 33. Bxg4 Kg6 34. Rf3 h5 35. Bxh5+ Kxh5 36. Rxf6
Rc8 37. b3 Rc7 38. Rxd6 f5 39. Rd8 Kg4 40. d6 Rf7 41. b4 f4
42. f3+ Kf5 43. c5 bxc5 44. bxc5 Rb7 45. c6 Rb2+ 46. Kh3 1-0

[Event "Bergen Chess International"]
[Site "Bergen NOR"]
[Date "2001.08.12"]
[EventDate "2001.08.04"]
[Round "9"]
[Result "1-0"]
[White "Daniel Hersvik"]
[Black "Tatjana Georgieva Plachkinova"]
[WhiteElo "2241"]
[BlackElo "2190"]
[PlyCount "145"]

1. e4 c5 2. Nf3 Nc6 3. d4 cxd4 4. Nxd4 Nf6 5. Nc3 d6 6. Be2 e6
7. O-O Be7 8. Be3 O-O 9. f4 Qc7 10. Bf3 a6 11. Nce2 Re8 12. c4
Nxd4 13. Qxd4 e5 14. Qd3 b5 15. Rac1 bxc4 16. Rxc4 Qa5 17. b4
Qd8 18. Rd1 Be6 19. Rc6 Rc8 20. Qxa6 Ra8 21. Qd3 Rxa2 22. Nc3
Ra3 23. b5 Bd7 24. Ra6 Bxb5 25. Qxb5 Rxc3 26. fxe5 Rxe3
27. exf6 gxf6 28. Rc1 Bf8 29. Ra7 Re7 30. Qa6 Rb3 31. Ra8 Rb8
32. Rc8 Rxa8 33. Qxa8 Qb6+ 34. Kf1 Qb1+ 35. Kf2 Qb2+ 36. Kg3
Qe5+ 37. Kh3 f5 38. Rxf8+ Kg7 39. Rg8+ Kf6 40. g4 fxe4 41. g5+
Kf5 42. Qc8+ Kf4 43. Qg4+ Ke3 44. Bd1 Qe6 45. Rd8 d5 46. Bb3
Qxg4+ 47. Kxg4 d4 48. Kf5 d3 49. Kf6 Rb7 50. Bxf7 Rb2 51. h4
Rf2+ 52. Kg7 d2 53. h5 Ke2 54. h6 d1=Q 55. Bh5+ Rf3 56. Rxd1
Kxd1 57. Kxh7 Kd2 58. g6 Rh3 59. g7 Rxh5 60. g8=Q e3 61. Qa2+
Kd1 62. Kg6 Rh3 63. Qd5+ Ke1 64. Qg2 Rxh6+ 65. Kxh6 e2 66. Kg5
Kd1 67. Qd5+ Kc2 68. Qe4+ Kd2 69. Qd4+ Kc2 70. Qe3 Kd1
71. Qd3+ Ke1 72. Kf4 Kf2 73. Qf3+ 1-0

[Event "Bergen Chess International"]
[Site "Bergen NOR"]
[Date "2001.08.12"]
[EventDate "2001.08.04"]
[Round "9"]
[Result "0-1"]
[White "Emanuel Berg"]
[Black "Olli Salmensuu"]
[WhiteElo "2496"]
[BlackElo "2431"]
[PlyCount "102"]

1. e4 e6 2. d4 d5 3. Nc3 Bb4 4. Nge2 Nf6 5. Bg5 dxe4 6. a3 Be7
7. Bxf6 gxf6 8. Nxe4 f5 9. N4g3 c5 10. d5 Bf6 11. Nc3 exd5
12. Bb5+ Nc6 13. O-O Be6 14. Re1 Kf8 15. Bd3 f4 16. Nh5 Be5
17. Bb5 Bc7 18. Bxc6 bxc6 19. Qf3 Qg5 20. Ne2 Bg4 21. Qc3 Be5
22. Qxc5+ Kg8 23. Nhxf4 Bxf4 24. Nxf4 Qxf4 25. Re3 h5 26. Rae1
Qf6 27. h3 Bf5 28. Rf3 h4 29. Qe3 Qg6 30. g4 Be6 31. Qe5 Qg7
32. Rf6 Rh6 33. Rxh6 Qxh6 34. f4 Re8 35. Qd6 Qf8 36. Qe5 Qc5+
37. Kf1 Qc4+ 38. Re2 d4 39. Qg5+ Kf8 40. Qh6+ Kg8 41. b3 Qd5
42. Re5 Qf3+ 43. Ke1 Qc3+ 44. Kf2 Qg3+ 45. Kf1 Qxh3+ 46. Ke1
Qc3+ 47. Kf2 Qg3+ 48. Kf1 Bc4+ 49. bxc4 Rxe5 50. fxe5 Qf3+
51. Ke1 Qe3+ 0-1

[Event "Bergen Chess International"]
[Site "Bergen NOR"]
[Date "2001.08.12"]
[EventDate "2001.08.04"]
[Round "9"]
[Result "0-1"]
[White "Carl Fredrik Ekeberg"]
[Black "Pontus Carlsson"]
[WhiteElo "2117"]
[BlackElo "2330"]
[PlyCount "124"]

1. c4 e5 2. g3 c6 3. d4 Bb4+ 4. Bd2 Bxd2+ 5. Qxd2 d6 6. Bg2
Nf6 7. Nc3 O-O 8. e4 Nbd7 9. d5 cxd5 10. cxd5 b5 11. Nge2 b4
12. Nd1 Nc5 13. f3 Qb6 14. Ne3 Ba6 15. O-O Nd3 16. Kh1 h6
17. Rfb1 Nf2+ 18. Kg1 N6xe4 19. fxe4 Ng4 20. Rc1 Qxe3+
21. Qxe3 Nxe3 22. Rc6 Bxe2 23. Kf2 Bb5 24. Kxe3 Bxc6 25. dxc6
Rfc8 26. Rc1 Rc7 27. Bf1 Kf8 28. Bb5 Rb8 29. Ba4 Rb6 30. b3
Ke7 31. Rc4 Kd8 32. g4 Kc8 33. Rc2 Kb8 34. h4 f6 35. h5 a6
36. Kd3 Ka7 37. Rc1 Kb8 38. Rc2 Ka8 39. Rc1 Ka7 40. Rc2 Ka8
41. Rc1 Kb8 42. Rc2 Kc8 43. Rc1 Kd8 44. Rc2 Ke7 45. Ke3 Ke6
46. Rc1 Kf7 47. Rc2 g6 48. hxg6+ Kxg6 49. Rc1 Kg5 50. Kf3 h5
51. gxh5 Kxh5 52. Rc2 Kg5 53. Rg2+ Kh5 54. Rc2 Kg6 55. Kg4 Rc8
56. Rc1 Rc7 57. Rc2 Rc8 58. Rc1 Kf7 59. c7 Rb7 60. Bc6 Rbxc7
61. Bd5+ Kg6 62. Rh1 Rc1 0-1

[Event "Bergen Chess International"]
[Site "Bergen NOR"]
[Date "2001.08.12"]
[EventDate "2001.08.04"]
[Round "9"]
[Result "0-1"]
[White "Yves Miellet-Bensan"]
[Black "Harald Borchgrevink"]
[WhiteElo "2243"]
[BlackElo "2163"]
[PlyCount "80"]

1. e4 c5 2. Nc3 Nc6 3. f4 g6 4. Nf3 Bg7 5. Bc4 d6 6. O-O e6
7. d3 Nge7 8. Qe1 O-O 9. Bb3 Na5 10. Nd1 Nxb3 11. axb3 Nc6
12. c3 f5 13. Be3 b6 14. Nf2 e5 15. Qd2 d5 16. Nxe5 Nxe5
17. fxe5 dxe4 18. d4 cxd4 19. cxd4 Be6 20. Ra3 Qd7 21. Rd1 Bd5
22. b4 Rfc8 23. Rc3 Bf8 24. Bh6 Be7 25. Rdc1 b5 26. Rd1 Rc4
27. Rxc4 bxc4 28. Qe1 Rb8 29. Bd2 Qb7 30. Nh3 Bxb4 31. Nf4 a5
32. h4 Qf7 33. Qg3 Be7 34. Kh2 Rxb2 35. Bxa5 Rb3 36. Bc3 Ba3
37. e6 Bxe6 38. d5 Bd7 39. Nh5 f4 40. Nxf4 Rxc3 0-1

[Event "Bergen Chess International"]
[Site "Bergen NOR"]
[Date "2001.08.12"]
[EventDate "2001.08.04"]
[Round "9"]
[Result "0-1"]
[White "Rune Myhrvold"]
[Black "Detlef Pluemer"]
[WhiteElo "2248"]
[BlackElo "2168"]
[PlyCount "48"]

1. e4 e6 2. d4 d5 3. Nc3 Bb4 4. e5 c5 5. a3 Bxc3+ 6. bxc3 Qa5
7. Bd2 Qa4 8. Nf3 b6 9. h4 Ba6 10. Bxa6 Qxa6 11. h5 h6 12. Nh4
Ne7 13. Qg4 Rg8 14. f4 Nbc6 15. f5 cxd4 16. fxe6 fxe6 17. Qxe6
dxc3 18. Be3 Qc8 19. Qd6 Qd7 20. O-O-O O-O-O 21. Bf4 Qg4
22. g3 d4 23. Rxd4 Nxd4 24. Qxe7 Qe2 0-1

[Event "Bergen Chess International"]
[Site "Bergen NOR"]
[Date "2001.08.12"]
[EventDate "2001.08.04"]
[Round "9"]
[Result "0-1"]
[White "Kjetil Stokke"]
[Black "Stig Gabrielsen"]
[WhiteElo "2016"]
[BlackElo "2280"]
[PlyCount "56"]

1. c3 Nf6 2. g3 d5 3. d4 g6 4. Bg2 Bg7 5. Nd2 O-O 6. e4 dxe4
7. Nxe4 Nxe4 8. Bxe4 c5 9. dxc5 Qc7 10. Ne2 Rd8 11. Qc2 Nd7
12. c6 Nc5 13. cxb7 Bxb7 14. Bxb7 Nd3+ 15. Qxd3 Qxb7 16. Qxd8+
Rxd8 17. O-O e5 18. b3 Qf3 19. Re1 h6 20. Be3 Bf8 21. b4 h5
22. h4 Rd3 23. Bxa7 Rd2 24. Nc1 Qxc3 25. Nb3 Rxa2 26. Rxa2
Qxe1+ 27. Kg2 Qb1 28. Rb2 Qxb2 0-1

[Event "Bergen Chess International"]
[Site "Bergen NOR"]
[Date "2001.08.12"]
[EventDate "2001.08.04"]
[Round "9"]
[Result "1-0"]
[White "Hans Olav Lahlum"]
[Black "Havard Holder"]
[WhiteElo "2227"]
[BlackElo "2027"]
[PlyCount "45"]

1. d4 d5 2. c4 c6 3. Nc3 Nf6 4. e3 a6 5. Bd3 b5 6. b3 Bg4
7. f3 Bh5 8. Nge2 e6 9. O-O b4 10. Na4 Bd6 11. e4 e5 12. Ng3
O-O 13. Nxh5 Nxh5 14. g3 exd4 15. cxd5 cxd5 16. e5 Bxe5 17. f4
Nxg3 18. hxg3 Bf6 19. Bb2 Nc6 20. Qc2 Rc8 21. Bxh7+ Kh8
22. Bf5 Rc7 23. Qh2+ 1-0

[Event "Bergen Chess International"]
[Site "Bergen NOR"]
[Date "2001.08.12"]
[EventDate "2001.08.04"]
[Round "9"]
[Result "1/2-1/2"]
[White "Jolanta Guzik"]
[Black "Ragnar Edvardsen"]
[WhiteElo "2095"]
[BlackElo "2023"]
[PlyCount "45"]

1. c4 e5 2. Nc3 Nf6 3. g3 d5 4. cxd5 Nxd5 5. Bg2 Nb6 6. Nf3
Nc6 7. d3 Be7 8. O-O O-O 9. b3 Bg4 10. Bb2 Qd7 11. Rc1 f5
12. Re1 Rad8 13. Nd2 e4 14. Nc4 Nxc4 15. dxc4 Qe8 16. Nd5 Bg5
17. f4 Be7 18. Qc2 Bc5+ 19. e3 Rd7 20. a3 Ne7 21. Nxe7+ Bxe7
22. h3 Bh5 23. g4 1/2-1/2

[Event "Bergen Chess International"]
[Site "Bergen NOR"]
[Date "2001.08.12"]
[EventDate "2001.08.04"]
[Round "9"]
[Result "1/2-1/2"]
[White "Linus Olsson"]
[Black "Svein Johannessen"]
[WhiteElo "2196"]
[BlackElo "2269"]
[PlyCount "26"]

1. d4 Nf6 2. c4 d6 3. Nc3 Nbd7 4. e4 e5 5. Nf3 Be7 6. Be2 O-O
7. O-O c6 8. Re1 a6 9. a4 exd4 10. Nxd4 Nc5 11. Bf1 a5 12. h3
Re8 13. Qc2 Qb6 1/2-1/2

[Event "Bergen Chess International"]
[Site "Bergen NOR"]
[Date "2001.08.12"]
[EventDate "2001.08.04"]
[Round "9"]
[Result "1/2-1/2"]
[White "Artur Mikhailovich Kogan"]
[Black "Stellan Brynell"]
[WhiteElo "2517"]
[BlackElo "2486"]
[PlyCount "23"]

1. d4 e6 2. Nf3 Nf6 3. c4 c5 4. d5 d6 5. Nc3 exd5 6. cxd5 g6
7. Bf4 Bg7 8. e3 O-O 9. Be2 a6 10. a4 Bg4 11. O-O Qe7 12. a5
1/2-1/2

[Event "Bergen Chess International"]
[Site "Bergen NOR"]
[Date "2001.08.12"]
[EventDate "2001.08.04"]
[Round "9"]
[Result "1/2-1/2"]
[White "Flemming Christenson"]
[Black "Frederic Crapis"]
[WhiteElo "2218"]
[BlackElo "2030"]
[PlyCount "158"]

1. d4 d6 2. Nf3 Bg4 3. c4 Nd7 4. e4 e5 5. d5 Ngf6 6. Nc3 Nc5
7. Qc2 Bxf3 8. gxf3 Nh5 9. Be3 Nd7 10. O-O-O a6 11. Kb1 Qh4
12. Qd2 Be7 13. Ne2 g6 14. Ng3 Nf4 15. Rg1 h6 16. Qb4 b6
17. Qa4 Nh3 18. Rh1 Bg5 19. Qc6 Ke7 20. Rd2 Rhc8 21. Rc2 a5
22. Be2 Nf4 23. h3 Ng2 24. Bxg5+ hxg5 25. Bd1 Nf4 26. Rd2 Nc5
27. Ba4 Ng2 28. Bd1 Qf4 29. Rc2 Nh4 30. Rc3 Qd2 31. Be2 Qd4
32. Re3 Qd2 33. Rd1 Qb4 34. Bf1 a4 35. a3 Qa5 36. Ne2 Nb3
37. Qb5 Nd2+ 38. Kc2 Qxb5 39. cxb5 Ndxf3 40. Bg2 Nxg2 41. Rxf3
Nf4 42. Nc3 Rh8 43. Rg3 Rxh3 44. Rxh3 Nxh3 45. f3 Nf4 46. Rh1
Ng2 47. Kd3 Kf6 48. Kc4 Ne3+ 49. Kd3 Ng2 50. Kc4 g4 51. fxg4
Ne3+ 52. Kb4 Nc2+ 53. Kc4 Ne3+ 54. Kb4 Nc2+ 55. Kc4 Nd4
56. Rf1+ Kg7 57. Rf2 Nb3 58. Kb4 Nc5 59. Rh2 f6 60. Rh3 Rh8
61. Rxh8 Kxh8 62. Nxa4 Nxa4 63. Kxa4 f5 64. exf5 Kg7 65. b4
gxf5 66. gxf5 Kf6 67. Kb3 Kxf5 68. a4 Kf4 69. a5 e4 70. a6 e3
71. a7 e2 72. a8=Q e1=Q 73. Qf8+ Kg3 74. Qg7+ Kh2 75. Qh7+ Kg2
76. Qc2+ Qf2 77. Qxc7 Qf3+ 78. Kb2 Qe2+ 79. Kb3 Qd1+ 1/2-1/2

[Event "Bergen Chess International"]
[Site "Bergen NOR"]
[Date "2001.08.12"]
[EventDate "2001.08.04"]
[Round "9"]
[Result "1-0"]
[White "Terje Karlsen"]
[Black "Edmund Soh"]
[WhiteElo "2068"]
[BlackElo "2104"]
[PlyCount "115"]

1. e4 g6 2. Nf3 Bg7 3. Bc4 d6 4. O-O Nf6 5. Re1 O-O 6. d4 Nc6
7. h3 e5 8. c3 Qe7 9. a4 h6 10. a5 a6 11. Nbd2 Nd8 12. b3 Kh7
13. Ba3 Nd7 14. Bf1 Re8 15. Nc4 Qf6 16. Ne3 Ne6 17. Nd5 Qd8
18. Qd2 Bf6 19. Nxf6+ Qxf6 20. Rad1 Nf4 21. Kh2 Nf8 22. Ng1
Be6 23. d5 Bd7 24. g3 Nh5 25. Bg2 Qg7 26. Ne2 f5 27. f3 Kh8
28. Bc1 Kh7 29. c4 Re7 30. Bb2 Nf6 31. Nc1 g5 32. Nd3 Ng6
33. exf5 Bxf5 34. Nf2 Rg8 35. Ne4 Rf7 36. Rg1 Rgf8 37. Nxf6+
Rxf6 38. Rgf1 Bc8 39. Qe3 Qf7 40. Kg1 Kg8 41. Kh2 Rf5 42. Bc1
Qg7 43. c5 h5 44. cxd6 cxd6 45. Qb6 Qe7 46. Ba3 R5f6 47. Rc1
g4 48. fxg4 Rxf1 49. Rxf1 Rxf1 50. Bxf1 hxg4 51. Qxd6 Qxd6
52. Bxd6 gxh3 53. Bxh3 Bxh3 54. Kxh3 Kf7 55. Kg4 Kf6 56. Kf3
Kf5 57. g4+ Kg5 58. Bc7 1-0

[Event "Bergen Chess International"]
[Site "Bergen NOR"]
[Date "2001.08.12"]
[EventDate "2001.08.04"]
[Round "9"]
[Result "1-0"]
[White "Kristian Trygstad"]
[Black "Per Ofstad"]
[WhiteElo "2323"]
[BlackElo "2205"]
[PlyCount "83"]

1. c4 c5 2. g3 Nc6 3. Bg2 g6 4. Nc3 Bg7 5. a3 d6 6. Rb1 a5
7. d3 Nh6 8. h4 f5 9. Nf3 Nf7 10. Nd5 e6 11. Nf4 e5 12. Nd5 h6
13. e4 O-O 14. Be3 Ne7 15. Bh3 Nxd5 16. cxd5 Qf6 17. Qe2 b6
18. h5 fxe4 19. dxe4 Ba6 20. Qd1 Bd3 21. Qxd3 Qxf3 22. Kd2 Ng5
23. Bxg5 Qxf2+ 24. Qe2 Qxe2+ 25. Kxe2 hxg5 26. hxg6 Rf6
27. Be6+ Rxe6 28. dxe6 Re8 29. a4 Rxe6 30. Kd3 Rxg6 31. Kc4 g4
32. Kb5 Bh6 33. Kxb6 d5+ 34. Kxc5 dxe4 35. Kd5 e3 36. Kxe5 Rb6
37. Rh2 Bf8 38. Kf5 Rb4 39. Rh4 e2 40. Rh2 Bd6 41. Rxe2 Bxg3
42. Rg1 1-0

[Event "Bergen Chess International"]
[Site "Bergen NOR"]
[Date "2001.08.12"]
[EventDate "2001.08.04"]
[Round "9"]
[Result "1/2-1/2"]
[White "Joanna Dworakowska"]
[Black "Norbert Sprotte"]
[WhiteElo "2350"]
[BlackElo "2240"]
[PlyCount "57"]

1. e4 e6 2. d4 d5 3. Nc3 Bb4 4. e5 c5 5. a3 Bxc3+ 6. bxc3 Qa5
7. Bd2 Qa4 8. Qg4 Kf8 9. Qd1 b6 10. h4 Ba6 11. Bxa6 Qxa6
12. h5 h6 13. Rh4 Ne7 14. Rf4 Nbc6 15. Qf3 Nd8 16. Ne2 Rc8
17. Ra2 Ke8 18. Kf1 Rc7 19. Kg1 Qb5 20. Bc1 cxd4 21. cxd4 Qa4
22. c3 Nf5 23. Rd2 Qc4 24. Rd3 g5 25. Rg4 Nc6 26. Qh3 Qa2
27. Rd2 Qc4 28. Rd3 Qa2 29. Rd2 1/2-1/2

[Event "Bergen Chess International"]
[Site "Bergen NOR"]
[Date "2001.08.12"]
[EventDate "2001.08.04"]
[Round "9"]
[Result "0-1"]
[White "Jesper Morch Lauridsen"]
[Black "Fredrik Andersson"]
[WhiteElo "2223"]
[BlackElo "2173"]
[PlyCount "132"]

1. e4 e5 2. Nf3 Nc6 3. Bb5 a6 4. Ba4 Nf6 5. O-O Be7 6. Re1 b5
7. Bb3 d6 8. c3 O-O 9. h3 Na5 10. Bc2 c5 11. d4 Qc7 12. Nbd2
cxd4 13. cxd4 Nc6 14. Nb3 a5 15. Be3 a4 16. Nbd2 Bd7 17. Rc1
Qb7 18. Nf1 Rfe8 19. Ng3 h6 20. dxe5 dxe5 21. Nh4 Ng4 22. hxg4
Bxh4 23. Nf5 Bxf5 24. exf5 Nd4 25. Bxd4 exd4 26. Qxd4 Red8
27. Be4 Rxd4 28. Bxb7 Rb8 29. Rc7 Rd2 30. g3 Bf6 31. Bc8 Kf8
32. b4 Rxa2 33. Rxf7+ Kxf7 34. Be6+ Kf8 35. Bxa2 Bc3 36. Re4
Rd8 37. Be6 a3 38. Re3 Bxb4 39. Re5 Rb8 40. Bb3 Bc3 41. Re2
Rd8 42. Kg2 Bb2 43. Ba2 b4 44. Kf3 Rd3+ 45. Re3 b3 46. Bxb3
Rxb3 47. Rxb3 a2 48. Rb8+ Ke7 49. Rb7+ Kd6 50. Rb6+ Kc5
51. Ra6 a1=Q 52. Rxa1 Bxa1 53. Ke4 Bf6 54. f4 Kd6 55. Kf3 Kd5
56. Ke3 Bb2 57. Kf3 Bf6 58. Ke3 Bd8 59. Kf3 Kd4 60. g5 hxg5
61. fxg5 Bxg5 62. Kg4 Bf6 63. Kf4 Be5+ 64. Kf3 Bc7 65. g4 Ke5
66. Kg3 Bd8 0-1